A DIY smart home guide : (Record no. 33275)

MARC details
000 -LEADER
fixed length control field 01120cam a2200289 i 4500
005 - DATE AND TIME OF LATEST TRANSACTION
control field 20230823110901.0
008 - FIXED-LENGTH DATA ELEMENTS--GENERAL INFORMATION
fixed length control field 190920s2020 nyua 001 0 eng
010 ## - LIBRARY OF CONGRESS CONTROL NUMBER
LC control number 2019042170
020 ## - INTERNATIONAL STANDARD BOOK NUMBER
ISBN 9781260456134
Qualifying information (paperback ;
-- acid-free paper)
020 ## - INTERNATIONAL STANDARD BOOK NUMBER
Canceled/invalid ISBN 9781260456141
Qualifying information (ebook)
040 ## - CATALOGING SOURCE
Original cataloging agency DLC
Language of cataloging eng
Transcribing agency DLC
Description conventions rda
Modifying agency DLC
042 ## - AUTHENTICATION CODE
Authentication code pcc
082 00 - DEWEY DECIMAL CLASSIFICATION NUMBER
Classification number 006.25
Edition number 23
Item number CHI-D
100 1# - MAIN ENTRY--AUTHOR
Author Name Chin, Robert,
245 12 - TITLE STATEMENT
Title A DIY smart home guide :
Remainder of title tools for automating your home monitoring and security using Arduino, ESP8266, and Android /
Statement of responsibility, etc. Robert Chin.
260 ## - PUBLICATION, DISTRIBUTION, ETC.
Place of Publication New York:
Name of publisher, distributor, etc. McGraw Hill,
Date of publication, distribution, etc. 2020
300 ## - PHYSICAL DESCRIPTION
Pages 459 pages :
336 ## - CONTENT TYPE
Content type term text
Content type code txt
Source rdacontent
337 ## - MEDIA TYPE
Media type term unmediated
Media type code n
Source rdamedia
338 ## - CARRIER TYPE
Carrier type term volume
Carrier type code nc
Source rdacarrier
500 ## - GENERAL NOTE
General note Includes index.
650 #0 - SUBJECT ADDED ENTRY--TOPICAL TERM
Subject / Department Home automation
Form subdivision Amateurs' manuals.
264 #1 - PRODUCTION, PUBLICATION, DISTRIBUTION, MANUFACTURE, AND COPYRIGHT NOTICE
Place of production, publication, distribution, manufacture New York :
Name of producer, publisher, distributor, manufacturer McGraw-Hill Education,
Date of production, publication, distribution, manufacture, or copyright notice [2020]
300 ## - PHYSICAL DESCRIPTION
-- col. ill. ;
-- 27 cm
906 ## - LOCAL DATA ELEMENT F, LDF (RLIN)
a 7
b cbc
c orignew
d 1
e ecip
f 20
g y-gencatlg
952 ## - LOCATION AND ITEM INFORMATION (KOHA)
-- 0
-- 0
Holdings
Lost status Damaged status Collection code Permanent Location Current Location Shelving Location Date acquired Full Call Number Accession No./Barcode Date last seen item type Koha item type
    CS/IT Superior Information Resource Center (SIRC) Superior University- Gold Campus Superior Information Resource Center (SIRC) Superior University- Gold Campus MISC 08/23/2023 006.25 CHI-D 2020 19661 08/23/2023 BOOK BOOK

Powered by Koha